Derecho marítimo

Gespeichert in:
Bibliographische Detailangaben
Hauptverfasser: Chorley, Lord (VerfasserIn), Giles, O. C (VerfasserIn)
Format: Buch
Sprache:Spanisch
Veröffentlicht: Barcelona Bosch 1962
Schlagworte:
Tags: Tag hinzufügen
Keine Tags, Fügen Sie den ersten Tag hinzu!

MARC

LEADER 00000nam a2200000 a 4500
001 UCS1656
003 CL-VaPUC
008 970515e19620000SP |||||||||||||||||spa|d
082 0 4 |a 343.096  |b CHO  |2 21 
100 0 |a Chorley, Lord  |e author  |9 386315 
700 0 |a Giles, O. C  |e author  |9 386316 
245 1 0 |a Derecho marítimo 
300 |a 580 p 
942 |c BK 
945 |d 19970515 00:00:00  |a cmena 
260 |a Barcelona  |b Bosch  |c 1962 
650 0 |a Derecho marítimo  |9 255301 
650 7 |a NAVES  |2 CL-VaPUC  |9 380983 
650 0 |a Transporte marítimo  |9 260127 
650 0 |a Contratos  |9 255153 
650 0 |a Obligaciones   |9 255578 
650 0 |a Derecho internacional  |9 255637 
650 7 |a SEGUROS  |2 CL-VaPUC  |9 386317 
650 0 |a Marina mercante   |9 255383 
650 7 |a DERECHO PENAL  |2 CL-VaPUC  |9 11 
651 0 |a España  |9 254926 
583 |a last modification  |c 19970515 00:00:00  |k Rodrigo Vera 
999 |c 259691  |d 259689 
952 |0 0  |1 0  |4 0  |6 343_096000000000000_CHO_1962  |7 0  |8 A  |9 284925  |a BIBDER  |b BIBDER  |d 2019-11-19  |i 1854380  |o 343.096 CHO 1962  |p 1854380  |r 2023-01-25  |w 2019-11-19  |y BK  |k DER